Plan de desarrollo municipal de Tipitapa
Presenta el plan de desarrollo municipal de Tipitapa el cual describe un marco de referencia en el que se muestra el municipio de Tipitapa en su contexto nacional y departamental, incluyendo un marco institucional. Plantea un diagnóstico municipal donde analiza cada uno de los aspectos locales que...
| Main Authors: | , , |
|---|---|
| Other Authors: | |
| Format: | Tesis Section = Libro |
| Language: | Undetermined Spanish |
| Published: |
Managua
UNI
2004
|
| Subjects: |
| LEADER | 01642nam a2200289Ia 4500 | ||
|---|---|---|---|
| 008 | 240830s9999 xx 000 0 und d | ||
| 040 | |a BIBLIOTECA-RUSB/ Mon 711.4 G643 | ||
| 041 | |a spa | ||
| 082 | |a Mon 711.4 G643 | ||
| 100 | 1 | |a González Jirón, Marjorie | |
| 100 | 1 | |b Pereira Romero, Kaibila Julissa | |
| 100 | 1 | |c Rayo Montesino, Rodolfo José | |
| 245 | 1 | 0 | |a Plan de desarrollo municipal de Tipitapa |
| 260 | |a Managua |b UNI |c 2004 | ||
| 300 | |a 131 p. :il. | ||
| 500 | |a Contiene: anexos. | ||
| 502 | |a Tesis (Arquitecto) - UNI, 2004. | ||
| 520 | 3 | |a Presenta el plan de desarrollo municipal de Tipitapa el cual describe un marco de referencia en el que se muestra el municipio de Tipitapa en su contexto nacional y departamental, incluyendo un marco institucional. Plantea un diagnóstico municipal donde analiza cada uno de los aspectos locales que interfieren en la realidad territorial. Describe las propuestas para el desarrollo municipal, las cuales se resumen en la imagen objetiva del municipio a largo plazo: zonificación de usos del suelo y las propuestas sectoriales para cada uno de los aspectos en el diagnóstico. Definir estrategias de desarrollo para el municipio de Tipitapa mediante la elaboración de propuestas sectoriales. | |
| 650 | 7 | |a PLANES Y PLANIFICACION DE LA CIUDAD - TIPITAPA | |
| 650 | 7 | |b diagnóstico MUNICIPAL - TIPITAPA | |
| 650 | 7 | |c POBLACION Y ASENTAMIENTOS HUMANOS - TIPITAPA | |
| 650 | 7 | |d PROPUESTA - DESARROLLO MUNICIPAL - TIPITAPA | |
| 650 | 7 | |e ZONIFICACION - USO DE SUELO | |
| 700 | 1 | |a Tutor: |b González Jirón, Jorge Samuel | |
| 942 | |c BK |2 ddc | ||
| 991 | |a TESIS | ||
| 999 | |c 20914 | ||